Modelos de innovación educativa. Investigando nuestras escuelas /

Detalles Bibliográficos
Autor principal: Garay A., Victoria
Formato: Analitica de revista
Lenguaje:español

MARC

LEADER 00000cab a2200000 a 4500
001 026183
003 UAHC_CL
005 20180808122223.0
008 051214b xx j 000 1 spa
952 |0 0  |1 0  |2 ddc  |4 0  |6 BOL___INVEST__EDUC_11_96_000000000000000  |7 0  |8 COMP  |9 52970  |a BC  |b BC  |c General  |d 2017-08-03  |l 0  |o BOL. INVEST. EDUC.-11/96  |r 2018-01-17 00:00:00  |w 2017-08-03  |y REVA 
999 |c 26183  |d 26183 
040 |a UAHC_CL  |c UAHC_CL  |d UAHC_CL 
100 1 |a Garay A., Victoria 
245 1 0 |a Modelos de innovación educativa. Investigando nuestras escuelas /  |c Victoria Garay. 
500 |a Boletín de Investigación Educacional (Santiago) 1996. vol.11, p. 286-321 
773 0 |t Boletín de Investigación Educacional.  |w 025995 
900 |a BOL. INVEST. EDUC.-11/96 
942 |c REVA  |2 ddc